|
|
|
|
| LEADER |
01037nam a2200337 4500 |
| 001 |
DLU110130656 |
| 005 |
##20111223 |
| 040 |
# |
# |
|a DLU
|b eng
|
| 041 |
# |
# |
|a eng
|
| 044 |
# |
# |
|a gw
|
| 245 |
# |
# |
|a Thermoelectric nanostructures : From physical model systems towards nanograined composites /
|c Kornelius Nielsch ... [et al.].
|
| 653 |
# |
# |
|a Ball milling
|
| 653 |
# |
# |
|a Epitaxial superlattices
|
| 653 |
# |
# |
|a Nanoparticles
|
| 653 |
# |
# |
|a Nanowires
|
| 653 |
# |
# |
|a Thermoelectric materials
|
| 653 |
# |
# |
|a Thermoelectric nanostructures
|
| 700 |
# |
# |
|a Bachmann, Julien.
|
| 700 |
# |
# |
|a Bottner, Harald.
|
| 700 |
# |
# |
|a Kimling, Johannes.
|
| 700 |
# |
# |
|a Nielsch, Kornelius.
|
| 773 |
# |
# |
|t Advanced Energy Materials
|g Vol. 1, no. 5 (October 2011), p. 713-731
|
| 920 |
# |
# |
|a Phòng Tạp chí -- Trung tâm Thông tin - Thư viện Trường Đại học Đà Lạt
|
| 994 |
# |
# |
|a DLU
|
| 900 |
# |
# |
|a True
|
| 911 |
# |
# |
|a Trương Bảo Trâm Anh
|
| 925 |
# |
# |
|a G
|
| 926 |
# |
# |
|a A
|
| 927 |
# |
# |
|a BB
|
| 980 |
# |
# |
|a Thư viện Trường Đại học Đà Lạt
|